| 000 -LEADER | |
|---|---|
| fixed length control field | 00443nam a22001577a 4500 |
| 005 - DATE AND TIME OF LATEST TRANSACTION | |
| control field | 20260331130821.0 |
| 008 - FIXED-LENGTH DATA ELEMENTS--GENERAL INFORMATION | |
| fixed length control field | 260331b |||||||| |||| 00| 0 eng d |
| 041 ## - LANGUAGE CODE | |
| Language code of text/sound track or separate title | eng |
| 082 ## - DEWEY DECIMAL CLASSIFICATION NUMBER | |
| Classification number | 344.5401 BAR-O |
| 100 ## - MAIN ENTRY--AUTHOR NAME | |
| Personal name | BARE ACT |
| 245 ## - TITLE STATEMENT | |
| Title | THE OCCUPATIONAL SAFETY, HEALTH AND WORKING CONDITIONS CODE, 2020 [ 37 OF 2020] |
| 260 ## - PUBLICATION, DISTRIBUTION, ETC. (IMPRINT) | |
| Place of publication | DELHI |
| Name of publisher | PROFESSIONA; BOOK PUBLISHERS |
| Year of publication | 2026 |
| 300 ## - PHYSICAL DESCRIPTION | |
| Number of Pages | 110;P |
| 650 ## - SUBJECT ADDED ENTRY--TOPICAL TERM | |
| Topical Term | MINING ENGINEERING |
| 942 ## - ADDED ENTRY ELEMENTS (KOHA) | |
| Koha item type | Books |
| Lost status | Damaged status | Collection code | Home library | Current library | Shelving location | Date acquired | Source of acquisition | Cost, normal purchase price | Full call number | Accession Number | Koha item type |
|---|---|---|---|---|---|---|---|---|---|---|---|
| MINING | JRU Library | JRU Library | Reference Section | 31/03/2026 | PURCHASE | 160.00 | 344.5401 | 29419 | Books | ||
| MINING | JRU Library | JRU Library | 31/03/2026 | PURCHASE | 160.00 | 344.5401 | 29420 | Books |